Designing organic syntheses: a programmed introduction to the synthon approach (Record no. 533)
[ view plain ]
| 000 -LEADER | |
|---|---|
| fixed length control field | 00506 a2200181 4500 |
| 001 - CONTROL NUMBER | |
| control field | 066484 |
| 003 - CONTROL NUMBER IDENTIFIER | |
| control field | OSt |
| 005 - DATE AND TIME OF LATEST TRANSACTION | |
| control field | 20210929150237.0 |
| 008 - FIXED-LENGTH DATA ELEMENTS--GENERAL INFORMATION | |
| fixed length control field | |
| 020 ## - INTERNATIONAL STANDARD BOOK NUMBER | |
| International Standard Book Number | 9788126520862 |
| 082 ## - DEWEY DECIMAL CLASSIFICATION NUMBER | |
| Classification number | 547.2 |
| Item number | W25D |
| 100 1# - MAIN ENTRY--PERSONAL NAME | |
| Personal name | Warren, Stuart |
| 245 1# - TITLE STATEMENT | |
| Title | Designing organic syntheses: a programmed introduction to the synthon approach |
| Statement of responsibility, etc | by Stuart Warren |
| 260 ## - PUBLICATION, DISTRIBUTION, ETC. (IMPRINT) | |
| Place of publication, distribution, etc | New Delhi |
| Name of publisher, distributor, etc | Wiley India |
| Date of publication, distribution, etc | 2009 |
| 300 ## - PHYSICAL DESCRIPTION | |
| Extent | 285p. |
| 690 ## - LOCAL SUBJECT ADDED ENTRY--TOPICAL TERM (OCLC, RLIN) | |
| Topical term or geographic name as entry element | Organic compounds--Synthesis |
| 942 ## - ADDED ENTRY ELEMENTS (KOHA) | |
| Source of classification or shelving scheme | Dewey Decimal Classification |
| Koha item type | Books |
| Withdrawn status | Lost status | Source of classification or shelving scheme | Damaged status | Not for loan | Collection code | Home library | Current library | Date acquired | Source of acquisition | Cost, normal purchase price | Total Checkouts | Full call number | Barcode | Date last seen | Date checked out | Price effective from | Koha item type |
|---|---|---|---|---|---|---|---|---|---|---|---|---|---|---|---|---|---|
| Dewey Decimal Classification | General Text Book | Central University Of Rajasthan | Central University Of Rajasthan | 07/03/2012 | CHM | 699.00 | 1 | 547.2 W25D | 770 | 21/11/2024 | 26/11/2021 | 02/09/2020 | Books |
